[Event "Moscow City Team-ch"]
[Site "Moscow"]
[Date "2021.09.14"]
[Round "4"]
[White "Doncev, Alexandr"]
[Black "Solomin, Maxim"]
[Result "1-0"]
[WhiteElo "1000"]
[BlackElo "1916"]
[PlyCount "61"]
[EventDate "2021.09.11"]
[EventType "team-swiss"]
[EventRounds "7"]
[EventCountry "RUS"]
[SourceTitle "EXT 2022"]
[Source "ChessBase"]
[SourceDate "2021.10.06"]
[SourceVersion "1"]
[SourceVersionDate "2021.10.06"]
[SourceQuality "1"]

1. d4 Nf6 2. c4 c5 3. d5 e6 4. Nc3 exd5 5. cxd5 d6 6. Nf3 g6 7. g3 Bg7 8. Bg2 0-0 9. 0-0 a6 10. a4 Re8 11. Nd2 Nbd7 12. h3 Rb8 13. Nc4 Ne5 14. Na3 b6 15. f4 Ned7 16. e4 Qc7 17. Qd3 h6 18. Kh2 Nh7 19. Bd2 g5 20. Rae1 Ndf8 21. e5 dxe5 22. d6 Qd7 23. fxe5 Ng6 24. e6 Rxe6 25. Rxe6 Qxe6 26. Nd5 Bd4 27. Bc3 Qxd6 28. Nc4 Qd7 29. Bxd4 cxd4 30. Qxd4 Qxa4 31. Rxf7 1-0

[Event "Chigorin Memorial 26th"]
[Site "St Petersburg"]
[Date "2018.10.31"]
[Round "5"]
[White "Solomin, Maxim"]
[Black "Gurskiy, Dmitriy"]
[Result "0-1"]
[WhiteElo "2025"]
[BlackElo "1701"]
[PlyCount "96"]
[EventDate "2018.10.27"]
[EventType "swiss"]
[EventRounds "9"]
[EventCountry "RUS"]
[SourceTitle "CBM 187 Extra"]
[Source "ChessBase"]
[SourceDate "2018.11.04"]
[SourceVersion "1"]
[SourceVersionDate "2018.11.04"]
[SourceQuality "1"]

1. d4 d5 2. c4 e6 3. Nc3 Nf6 4. cxd5 exd5 5. Bg5 Be7 6. e3 c6 7. Bd3 Nbd7 8. Nge2 0-0 9. Qc2 a5 10. 0-0 Re8 11. Rad1 Nf8 12. h3 h6 13. Bf4 Ne6 14. Bg3 Bf8 15. Kh1 Ng5 16. Bh4 Qd7 17. Ng3 Bd6 18. Bf5 Qd8 19. f4 Ne6 20. e4 dxe4 21. Ngxe4 Be7 22. d5 Nxd5 23. Bxe7 Rxe7 24. Bxe6 Rxe6 25. f5 Re5 26. f6 g6 27. Qd2 Kh7 28. Qd4 Qc7 29. Rc1 Nxc3 30. Rxc3 Rf5 31. Rd1 Be6 32. Rcd3 Rd5 33. Qc3 Rad8 34. Nc5 Bf5 35. Rd4 R8d6 36. R1d2 b6 37. Nb3 Rxd4 38. Rxd4 Be6 39. Nc1 Bd5 40. Ne2 Qd7 41. Nf4 Bxg2+ 42. Kxg2 Rxd4 43. Qe3 g5 44. Ne2 Qd5+ 45. Kh2 Re4 46. Qf3 Qe5+ 47. Ng3 Re3 48. Qf2 Qxg3+ 0-1

[Event "Samara Polugaevsky Memorial 1st"]
[Site "Samara"]
[Date "2011.07.13"]
[Round "9"]
[White "Solomin, Maxim"]
[Black "Osipov, Andrey Viacheslavov"]
[Result "0-1"]
[WhiteElo "2001"]
[BlackElo "2321"]
[PlyCount "84"]
[EventDate "2011.07.05"]
[EventType "swiss"]
[EventRounds "9"]
[EventCountry "RUS"]
[SourceTitle "CBM 143 Extra"]
[Source "ChessBase"]
[SourceDate "2011.08.29"]
[SourceVersion "1"]
[SourceVersionDate "2011.08.29"]
[SourceQuality "1"]

1. d4 e6 2. c4 b6 3. a3 Bb7 4. Nc3 Nf6 5. d5 exd5 6. cxd5 g6 7. g3 Bg7 8. Bg2 0-0 9. e4 c5 10. f4 Re8 11. Nge2 d6 12. 0-0 a6 13. a4 b5 14. axb5 axb5 15. Rxa8 Bxa8 16. e5 dxe5 17. fxe5 Rxe5 18. Bf4 Re8 19. Nxb5 Nxd5 20. Bxd5 Qxd5 21. Qxd5 Bxd5 22. Nc7 Rxe2 23. Nxd5 Nc6 24. b3 Bd4+ 25. Kh1 Rb2 26. Bh6 Rxb3 27. Re1 Rb8 28. g4 Rd8 29. g5 f5 30. gxf6 Rxd5 31. Re8+ Kf7 32. Rf8+ Ke6 33. f7 Nd8 34. Rxd8 Rxd8 35. f8Q Rxf8 36. Bxf8 c4 37. Bh6 Kd5 38. Kg2 Ke4 39. Kf1 Kd3 40. h4 c3 41. h5 c2 42. Bc1 Be3 0-1

[Event "Samara Polugaevsky Memorial 1st"]
[Site "Samara"]
[Date "2011.07.11"]
[Round "7"]
[White "Solomin, Maxim"]
[Black "Hudyakov, Sergey"]
[Result "1-0"]
[WhiteElo "2001"]
[BlackElo "2179"]
[PlyCount "95"]
[EventDate "2011.07.05"]
[EventType "swiss"]
[EventRounds "9"]
[EventCountry "RUS"]
[SourceTitle "CBM 143 Extra"]
[Source "ChessBase"]
[SourceDate "2011.08.29"]
[SourceVersion "1"]
[SourceVersionDate "2011.08.29"]
[SourceQuality "1"]

1. d4 d5 2. Nf3 Nf6 3. g3 c5 4. c4 Nc6 5. Bg2 dxc4 6. Qa4 Qa5+ 7. Qxa5 Nxa5 8. dxc5 e6 9. Ne5 Nd7 10. Nxd7 Bxd7 11. Bd2 Bc6 12. e4 b6 13. Bxa5 bxa5 14. Nd2 Bxc5 15. Rc1 Rd8 16. Nxc4 Ke7 17. 0-0 Bb5 18. Rc2 a4 19. Rfc1 Bd4 20. b4 Rd7 21. Na5 Bb6 22. Bf1 Bd3 23. Nc6+ Ke8 24. Bxd3 Rxd3 25. Ne5 Rd8 26. Rc8 f6 27. Rxd8+ Bxd8 28. Nc4 Kd7 29. Nb2 a3 30. Nd3 Bb6 31. Rc3 Rc8 32. Rxa3 Rc2 33. b5 e5 34. Kg2 h5 35. g4 h4 36. g5 f5 37. exf5 e4 38. Ne5+ Kd6 39. Ng4 Bc5 40. Ne3 h3+ 41. Kg3 Re2 42. Ra6+ Ke5 43. Re6+ Kd4 44. f6 gxf6 45. g6 Re1 46. Kxh3 Rg1 47. Ng2 Kd5 48. g7 1-0

[Event "Samara Polugaevsky Memorial 1st"]
[Site "Samara"]
[Date "2011.07.08"]
[Round "4"]
[White "Solomin, Maxim"]
[Black "Zhurikhin, Alexander"]
[Result "0-1"]
[WhiteElo "2001"]
[BlackElo "2223"]
[PlyCount "86"]
[EventDate "2011.07.05"]
[EventType "swiss"]
[EventRounds "9"]
[EventCountry "RUS"]
[SourceTitle "CBM 143 Extra"]
[Source "ChessBase"]
[SourceDate "2011.08.29"]
[SourceVersion "1"]
[SourceVersionDate "2011.08.29"]
[SourceQuality "1"]

1. d4 Nf6 2. c4 e6 3. Nc3 Bb4 4. f3 c5 5. a3 Bxc3+ 6. bxc3 Nc6 7. e3 d6 8. Bd3 0-0 9. Ne2 e5 10. 0-0 h6 11. Rb1 b6 12. e4 Re8 13. Qc2 Ba6 14. f4 Na5 15. Rf3 Bxc4 16. Ng3 Bxd3 17. Qxd3 exd4 18. cxd4 Nc6 19. d5 Nd4 20. Bb2 Nxf3+ 21. gxf3 Rf8 22. Qc3 Ne8 23. Nf5 Kh7 24. Kh1 g6 25. Rg1 Rg8 26. Rg3 f6 27. Ne3 b5 28. e5 b4 29. axb4 cxb4 30. Qd4 Qb6 31. Qe4 Qc7 32. exf6 Qf7 33. Ng4 Nc7 34. Rh3 Rge8 35. Rxh6+ Kg8 36. Qd3 Nxd5 37. Qd4 Re1+ 38. Kg2 Rae8 39. Kh3 R1e4 40. fxe4 Nxf4+ 41. Kh4 g5+ 42. Kxg5 Ne6+ 43. Kh4 Nxd4 0-1

[Event "Samara Polugaevsky Memorial 1st"]
[Site "Samara"]
[Date "2011.07.07"]
[Round "3"]
[White "Solomin, Maxim"]
[Black "Iliushkin, Evgeny"]
[Result "1/2-1/2"]
[WhiteElo "2001"]
[BlackElo "2281"]
[PlyCount "113"]
[EventDate "2011.07.05"]
[EventType "swiss"]
[EventRounds "9"]
[EventCountry "RUS"]
[SourceTitle "CBM 143 Extra"]
[Source "ChessBase"]
[SourceDate "2011.08.29"]
[SourceVersion "1"]
[SourceVersionDate "2011.08.29"]
[SourceQuality "1"]

1. d4 Nf6 2. c4 c5 3. d5 e5 4. Nc3 d6 5. e4 Be7 6. g3 0-0 7. Bg2 Ne8 8. Nge2 g6 9. 0-0 Ng7 10. f4 Na6 11. Be3 Rb8 12. Qd2 Nc7 13. Rad1 f6 14. Qd3 b6 15. Kh1 Bd7 16. Ng1 Qc8 17. Rd2 b5 18. Bxc5 bxc4 19. Qe2 Nb5 20. Be3 Bd8 21. Qf2 Ba5 22. Rc1 Qa6 23. Nge2 Bb6 24. Nxb5 Bxb5 25. Nc3 Bd7 26. Bf1 f5 27. b3 Qa3 28. Rdc2 fxe4 29. Bxc4 exf4 30. Bxb6 fxg3 31. Qxg3 axb6 32. Nxe4 Bf5 33. Bd3 Bxe4+ 34. Bxe4 Rbe8 35. Qg4 Qb4 36. Bf5 Qa5 37. Be6+ Nxe6 38. dxe6 Qd5+ 39. Qg2 Qxe6 40. Rd2 Rf5 41. Rcd1 Re5 42. h3 Re3 43. Qd5 Rxh3+ 44. Kg2 Re3 45. Qxe6+ R8xe6 46. Rxd6 Kf7 47. Rd7+ Kf6 48. Rf1+ Ke5 49. Rxh7 Kd4 50. Rc7 Re2+ 51. Rf2 Kd3 52. Rxe2 Rxe2+ 53. Kf3 Rxa2 54. Rc6 Ra6 55. b4 Kd4 56. b5 Kd5 57. Kg4 1/2-1/2

[Event "Samara Polugaevsky Memorial 1st"]
[Site "Samara"]
[Date "2011.07.05"]
[Round "1"]
[White "Solomin, Maxim"]
[Black "Polivanov, Anatoliy"]
[Result "0-1"]
[WhiteElo "2001"]
[BlackElo "2435"]
[PlyCount "104"]
[EventDate "2011.07.05"]
[EventType "swiss"]
[EventRounds "9"]
[EventCountry "RUS"]
[SourceTitle "CBM 143 Extra"]
[Source "ChessBase"]
[SourceDate "2011.08.29"]
[SourceVersion "1"]
[SourceVersionDate "2011.08.29"]
[SourceQuality "1"]

1. d4 Nf6 2. c4 d6 3. Nc3 Nbd7 4. Bg5 g6 5. e4 e5 6. d5 h6 7. Be3 Bg7 8. f3 Nh5 9. g3 f5 10. Bd3 0-0 11. exf5 gxf5 12. Qd2 Nc5 13. Bc2 Qf6 14. 0-0-0 a6 15. Nge2 b5 16. g4 fxg4 17. fxg4 Nf4 18. Rdg1 bxc4 19. Bxc5 dxc5 20. Ne4 Qb6 21. Rg3 Rb8 22. Bb1 Kh8 23. Rd1 Nxd5 24. N2c3 Nf4 25. Na4 Qb5 26. Nec3 Qe8 27. Be4 Qe7 28. Qe3 Ne6 29. h4 Qxh4 30. Kb1 Qg5 31. Qxg5 Nxg5 32. Nxc5 Rf2 33. Rd8+ Bf8 34. Nd1 Rf1 35. Bc2 Rxd1+ 36. Rxd1 Bxc5 37. Rd8+ Kg7 38. Kc1 Bd4 39. Bf5 Bxb2+ 40. Kd1 Bd4 41. Rxc8 Rb7 42. Ra3 Nf7 43. Be4 Ra7 44. Bd5 c3 45. Rb3 Nd6 46. Rg8+ Kf6 47. Bc6 a5 48. Rbb8 Ra6 49. Bd5 e4 50. Bb7 Rb6 51. Bd5 Rb2 52. a4 Rd2+ 0-1

[Event "Samara op"]
[Site "Samara"]
[Date "2010.07.31"]
[Round "9"]
[White "Rotmistrov, Alexander"]
[Black "Solomin, Maxim"]
[Result "0-1"]
[WhiteElo "1745"]
[BlackElo "2022"]
[PlyCount "62"]
[EventDate "2010.07.23"]
[EventType "swiss"]
[EventRounds "9"]
[EventCountry "RUS"]
[SourceTitle "EXT 2011"]
[Source "ChessBase"]
[SourceDate "2010.11.26"]
[SourceVersion "1"]
[SourceVersionDate "2010.11.26"]
[SourceQuality "1"]

1. d4 c5 2. d5 e5 3. e4 d6 4. Nc3 a6 5. a4 Be7 6. Nf3 Nf6 7. h3 0-0 8. Be2 Ne8 9. g4 b6 10. Rg1 Ra7 11. Nd2 Bg5 12. Nc4 Bxc1 13. Qxc1 Rb7 14. a5 b5 15. Nb6 Nd7 16. Nxc8 Qxc8 17. b3 Nc7 18. Nd1 Qd8 19. Qe3 b4 20. Qg3 c4 21. Bxc4 Nc5 22. f3 Nb5 23. Bxb5 Rxb5 24. Ne3 Rxa5 25. Rxa5 Qxa5 26. g5 Qa1+ 27. Ke2 Qb2 28. Kf1 a5 29. Kg2 Nxb3 30. Kh1 Nd4 31. Qg2 Qc3 0-1

[Event "Samara-ch"]
[Site "Samara"]
[Date "2010.04.29"]
[Round "9"]
[White "Krylov, Leonid"]
[Black "Solomin, Maxim"]
[Result "0-1"]
[WhiteElo "1887"]
[BlackElo "2022"]
[PlyCount "124"]
[EventDate "2010.04.21"]
[EventType "swiss"]
[EventRounds "9"]
[EventCountry "RUS"]
[SourceTitle "EXT 2012"]
[Source "ChessBase"]
[SourceDate "2011.11.24"]
[SourceVersion "1"]
[SourceVersionDate "2011.11.24"]
[SourceQuality "1"]

1. d4 Nf6 2. c4 c5 3. d5 e6 4. Nc3 exd5 5. cxd5 d6 6. Nf3 g6 7. g3 Bg7 8. Bg2 0-0 9. 0-0 a6 10. a4 Re8 11. Re1 Qc7 12. Qc2 Nbd7 13. b3 Rb8 14. Bb2 b5 15. axb5 axb5 16. Nd2 Ng4 17. h3 Nh6 18. e3 f5 19. Ne2 Nf6 20. Kh2 Nf7 21. Ra2 Ne5 22. Rea1 Bd7 23. b4 c4 24. Bxe5 Rxe5 25. Ra7 Rb7 26. Ra8+ Re8 27. Rxe8+ Nxe8 28. Ra8 Ra7 29. Rxa7 Qxa7 30. Nf4 Qa3 31. e4 Qxb4 32. Ne6 Qb2 33. Qd1 c3 34. Nb3 c2 35. Qd3 Qc3 36. Bf1 Qxb3 37. Qxb3 c1Q 38. Bxb5 Qc8 39. exf5 gxf5 40. Qd3 Nc7 41. Bxd7 Qxd7 42. Qxf5 Nxe6 43. dxe6 Qe7 44. Qd5 Bf6 45. h4 Kg7 46. Qf5 Qd8 47. Qd5 Qc7 48. Kh3 Kf8 49. Qa8+ Qd8 50. Qd5 Ke7 51. f4 Qg8 52. f5 Be5 53. Qb7+ Kf6 54. g4 h5 55. g5+ Kxf5 56. e7 Qe6 57. Kg2 Kg6 58. Qe4+ Kg7 59. Qf3 Qxe7 60. Qxh5 Qe6 61. Qf3 Kg6 62. Kh1 Qf5 0-1

[Event "Samara-ch"]
[Site "Samara"]
[Date "2010.04.21"]
[Round "1"]
[White "Solomin, Maxim"]
[Black "Dorofeev, Gennady"]
[Result "1/2-1/2"]
[WhiteElo "2022"]
[BlackElo "1761"]
[PlyCount "110"]
[EventDate "2010.04.21"]
[EventType "swiss"]
[EventRounds "9"]
[EventCountry "RUS"]
[SourceTitle "EXT 2012"]
[Source "ChessBase"]
[SourceDate "2011.11.24"]
[SourceVersion "1"]
[SourceVersionDate "2011.11.24"]
[SourceQuality "1"]

1. d4 Nf6 2. c4 e6 3. Nc3 Bb4 4. f3 d5 5. a3 Bxc3+ 6. bxc3 c5 7. cxd5 exd5 8. e3 0-0 9. Bd3 Re8 10. Ne2 b6 11. 0-0 Ba6 12. Ra2 Bxd3 13. Qxd3 Qc8 14. g4 h6 15. Ng3 Qa6 16. Qd2 Nbd7 17. Nf5 Re6 18. Qe1 Qc4 19. Rg2 Rc8 20. h4 cxd4 21. cxd4 Kf8 22. g5 hxg5 23. hxg5 Nh5 24. Bd2 Qd3 25. Bb4+ Nc5 26. Qb1 Qxb1 27. Rxb1 a5 28. dxc5 axb4 29. cxb6 Rxb6 30. Rxb4 Rc1+ 31. Kh2 Rxb4 32. axb4 Rb1 33. Ra2 Ke8 34. b5 g6 35. Nd4 Ng7 36. Ra8+ Kd7 37. Ra7+ Ke8 38. Kg3 Nh5+ 39. Kf2 Rb2+ 40. Ke1 Ng3 41. Rc7 Rb1+ 42. Kf2 Nh5 43. Rc5 Rb2+ 44. Ke1 f5 45. Kd1 f4 46. Rxd5 fxe3 47. Re5+ Kf7 48. Rxe3 Rb4 49. Re4 Ng3 50. Rf4+ Nf5 51. Ne2 Rxb5 52. Kc2 Kg7 53. Nc3 Rc5 54. Kd3 Ng3 55. Rg4 Nf5 1/2-1/2

[Event "Uljanovsk op"]
[Site "Uljanovsk"]
[Date "2010.02.14"]
[Round "9"]
[White "Solomin, Maxim"]
[Black "Kuznetsova, Olga1111"]
[Result "0-1"]
[WhiteElo "2022"]
[BlackElo "2173"]
[PlyCount "128"]
[EventDate "2010.02.06"]
[EventType "swiss"]
[EventRounds "9"]
[EventCountry "RUS"]
[SourceTitle "CBM 134 Extra"]
[Source "ChessBase"]
[SourceDate "2010.03.03"]
[SourceVersion "1"]
[SourceVersionDate "2010.03.03"]
[SourceQuality "1"]

1. d4 d6 2. c4 e5 3. Nc3 exd4 4. Qxd4 Nf6 5. Bg5 Be7 6. Nf3 Nc6 7. Qd2 Be6 8. e3 0-0 9. Be2 Ne5 10. b3 Nxf3+ 11. Bxf3 c6 12. 0-0 Qc7 13. Rac1 Rad8 14. Rfd1 Rd7 15. Bf4 Qd8 16. e4 Re8 17. h3 h6 18. Rc2 Nh7 19. Qe3 Qa5 20. Qd2 Bg5 21. Ne2 Qxd2 22. Rcxd2 Bxf4 23. Nxf4 Red8 24. Nxe6 fxe6 25. Bg4 Kf7 26. e5 Ke7 27. exd6+ Rxd6 28. Rxd6 Rxd6 29. Re1 Nf8 30. Re2 Rd4 31. g3 g6 32. f4 h5 33. Bf3 Kf6 34. Kf2 Nd7 35. Re4 Rd6 36. Ke3 c5 37. Ke2 b6 38. Re3 e5 39. fxe5+ Nxe5 40. Bd5 g5 41. h4 gxh4 42. gxh4 Rd7 43. Rg3 Ng4 44. Kd3 Re7 45. Rf3+ Kg6 46. Kd2 Nf6 47. Kd3 Re5 48. Rg3+ Ng4 49. Be4+ Kf6 50. Rf3+ Ke6 51. Bd5+ Kd6 52. Bf7 Re1 53. Kd2 Ra1 54. Bxh5 Rxa2+ 55. Kc3 Ne5 56. Rf6+ Ke7 57. Rf4 Rh2 58. Bd1 Rh1 59. Be2 Rh3+ 60. Kc2 Nc6 61. Bg4 Rh2+ 62. Kc3 Nd4 63. Bd1 Rh1 64. Bc2 Ne2+ 0-1

[Event "Uljanovsk op"]
[Site "Uljanovsk"]
[Date "2010.02.11"]
[Round "6"]
[White "Mironov, Vitaly Viktorovich"]
[Black "Solomin, Maxim"]
[Result "1-0"]
[WhiteElo "1743"]
[BlackElo "2022"]
[PlyCount "85"]
[EventDate "2010.02.06"]
[EventType "swiss"]
[EventRounds "9"]
[EventCountry "RUS"]
[SourceTitle "CBM 134 Extra"]
[Source "ChessBase"]
[SourceDate "2010.03.03"]
[SourceVersion "1"]
[SourceVersionDate "2010.03.03"]
[SourceQuality "1"]

1. d4 Nf6 2. c4 c5 3. d5 e6 4. Nc3 exd5 5. cxd5 d6 6. e4 g6 7. Nf3 Bg7 8. Be2 0-0 9. 0-0 Bg4 10. Nd2 Bxe2 11. Qxe2 a6 12. a4 Qe7 13. Nc4 Nbd7 14. f3 Ne5 15. Bf4 Nxc4 16. Qxc4 Nh5 17. Be3 f5 18. Rae1 f4 19. Bf2 Be5 20. b3 Kh8 21. Ne2 g5 22. Nc1 Nf6 23. g4 fxg3 24. hxg3 Nh5 25. Kg2 Qf6 26. Qe2 Rg8 27. Nd3 Nf4+ 28. Nxf4 gxf4 29. g4 Raf8 30. Qc2 Rg7 31. Rh1 b5 32. axb5 axb5 33. Rh5 Ra8 34. Reh1 Ra6 35. Qd3 Rb7 36. Rh6 Qd8 37. R1h5 Ra2 38. g5 Rg7 39. g6 Bd4 40. e5 Rxf2+ 41. Kh1 Qa5 42. Rxh7+ Rxh7 43. g7+ 1-0

[Event "Uljanovsk op"]
[Site "Uljanovsk"]
[Date "2010.02.08"]
[Round "3"]
[White "Solomin, Maxim"]
[Black "Galiev, Azat"]
[Result "1/2-1/2"]
[WhiteElo "2022"]
[BlackElo "2269"]
[PlyCount "97"]
[EventDate "2010.02.06"]
[EventType "swiss"]
[EventRounds "9"]
[EventCountry "RUS"]
[SourceTitle "CBM 134 Extra"]
[Source "ChessBase"]
[SourceDate "2010.03.03"]
[SourceVersion "1"]
[SourceVersionDate "2010.03.03"]
[SourceQuality "1"]

1. d4 Nf6 2. c4 e6 3. Nf3 d5 4. Nc3 Be7 5. Bg5 0-0 6. e3 b6 7. Bd3 dxc4 8. Bxc4 Bb7 9. 0-0 Nbd7 10. Bd3 c5 11. Rc1 Rc8 12. Qe2 h6 13. Bh4 cxd4 14. exd4 Nh5 15. Bxe7 Qxe7 16. Bb1 Nf4 17. Qe3 Nd5 18. Qd3 N7f6 19. Rfe1 Rfd8 20. g3 Ba8 21. Ne5 Nxc3 22. bxc3 Qb7 23. f3 Qd5 24. Qa6 Rc7 25. Red1 g5 26. Qe2 Qa5 27. c4 Qa3 28. Kf2 Rxd4 29. Rxd4 Qxc1 30. Rd1 Qc3 31. Rd8+ Kg7 32. Rxa8 Rc5 33. Ng4 Nxg4+ 34. fxg4 Re5 35. Qd1 Qxc4 36. Rd8 Rb5 37. Rd2 Qc5+ 38. Kg2 Qc6+ 39. Kh3 Re5 40. Qc2 Qxc2 41. Bxc2 Rc5 42. Bb3 a5 43. a4 b5 44. axb5 Rxb5 45. Ba4 Rc5 46. Rc2 Rd5 47. Kg2 Rd4 48. Ra2 Rxg4 49. Bb5 1/2-1/2

[Event "Uljanovsk op"]
[Site "Uljanovsk"]
[Date "2010.02.07"]
[Round "2"]
[White "Parfenov, Vladislav"]
[Black "Solomin, Maxim"]
[Result "1/2-1/2"]
[WhiteElo "2283"]
[BlackElo "2022"]
[PlyCount "92"]
[EventDate "2010.02.06"]
[EventType "swiss"]
[EventRounds "9"]
[EventCountry "RUS"]
[SourceTitle "CBM 134 Extra"]
[Source "ChessBase"]
[SourceDate "2010.03.03"]
[SourceVersion "1"]
[SourceVersionDate "2010.03.03"]
[SourceQuality "1"]

1. d4 Nf6 2. Nc3 g6 3. e4 d6 4. f4 Bg7 5. Nf3 0-0 6. Be2 c6 7. 0-0 Qc7 8. Qe1 Nbd7 9. e5 dxe5 10. fxe5 Nd5 11. Nxd5 cxd5 12. c3 Qb6 13. Kh1 f6 14. exf6 exf6 15. Qh4 Re8 16. Bd3 Nf8 17. Rb1 Bd7 18. b3 Qa5 19. Bd2 Qc7 20. Rbc1 Be6 21. Bf4 Qd7 22. Qf2 Bf5 23. Be2 Ne6 24. Bd2 Be4 25. Rfd1 Rac8 26. Be3 b5 27. Nd2 f5 28. Nxe4 fxe4 29. c4 a6 30. a4 bxc4 31. bxc4 Rf8 32. Qg3 Qxa4 33. Qd6 Qc6 34. Qxc6 Rxc6 35. cxd5 Rxc1 36. Bxc1 Nxd4 37. Bxa6 h6 38. Be3 Nf5 39. Bc5 Rd8 40. g4 Nd6 41. Kg2 Be5 42. Rb1 Kg7 43. Rb6 Kf6 44. h4 Bf4 45. Bd4+ Be5 46. Be3 g5 1/2-1/2

[Event "Samara-chB"]
[Site "Samara"]
[Date "2009.12.08"]
[Round "3"]
[White "Kamensky, Vladimir"]
[Black "Solomin, Maxim"]
[Result "1/2-1/2"]
[WhiteElo "1725"]
[BlackElo "2006"]
[PlyCount "133"]
[EventDate "2009.12.06"]
[EventType "swiss"]
[EventRounds "9"]
[EventCountry "RUS"]
[SourceTitle "EXT 2012"]
[Source "ChessBase"]
[SourceDate "2011.11.24"]
[SourceVersion "1"]
[SourceVersionDate "2011.11.24"]
[SourceQuality "1"]

1. d4 Nf6 2. c4 g6 3. Nc3 Bg7 4. Nf3 0-0 5. Bf4 d6 6. e3 b6 7. h3 c5 8. Be2 Bb7 9. 0-0 a6 10. Qc2 Qc7 11. Rfd1 Nbd7 12. Bh2 e5 13. Rac1 Rad8 14. a3 Rfe8 15. b3 h6 16. Kh1 Kh7 17. dxe5 dxe5 18. e4 Nh5 19. Nd5 Qc6 20. Rd2 Nf8 21. Rcd1 Nf4 22. Nxf4 Rxd2 23. Nxd2 exf4 24. Bxf4 Ne6 25. Be3 Nd4 26. Bxd4 Bxd4 27. Rf1 Qd6 28. Bf3 Qf4 29. g3 Qd6 30. Bg2 Kg8 31. Nb1 Qe5 32. Nd2 Qd6 33. Nb1 Qe5 34. Nd2 g5 35. Qd1 Bb2 36. Qh5 Qc3 37. Nf3 Bxe4 38. Qxh6 Bxf3 39. Qxg5+ Kf8 40. Qh6+ Ke7 41. Qxb6 Bxg2+ 42. Kxg2 Qe5 43. Qxa6 Qe4+ 44. Kg1 Ra8 45. Qb6 Bxa3 46. Qc7+ Kf6 47. Qd6+ Kg7 48. Qd2 Re8 49. Qg5+ Qg6 50. Qxg6+ Kxg6 51. Rd1 Rb8 52. Rd3 Bb2 53. Kg2 Bd4 54. f4 Ra8 55. b4 Ra4 56. bxc5 Bxc5 57. Rc3 Ra1 58. Kf3 Re1 59. g4 Kf6 60. Rd3 Rc1 61. g5+ Kg6 62. Kg4 Rxc4 63. h4 Bg1 64. h5+ Kg7 65. g6 Bh2 66. gxf7 Rxf4+ 67. Kh3 1/2-1/2

[Event "Uljanovsk op"]
[Site "Uljanovsk"]
[Date "2009.08.28"]
[Round "5"]
[White "Solomin, Maxim"]
[Black "Borisov, Grigori"]
[Result "1-0"]
[WhiteElo "1958"]
[BlackElo "1884"]
[PlyCount "77"]
[EventDate "2009.08.26"]
[EventType "swiss"]
[EventRounds "9"]
[EventCountry "RUS"]
[SourceTitle "CBM 132 Extra"]
[Source "ChessBase"]
[SourceDate "2009.11.03"]
[SourceVersion "1"]
[SourceVersionDate "2009.11.03"]
[SourceQuality "1"]

1. d4 Nf6 2. c4 e6 3. Nc3 Bb4 4. f3 d6 5. e4 0-0 6. Bd3 Bxc3+ 7. bxc3 Nbd7 8. Ne2 e5 9. Be3 b6 10. Qd2 Qe7 11. 0-0 Re8 12. Rae1 Nf8 13. g4 c5 14. d5 Bd7 15. Ng3 Reb8 16. Re2 Ne8 17. Rg2 a6 18. Nf5 Qd8 19. h4 b5 20. Bg5 f6 21. Be3 Bxf5 22. gxf5 b4 23. cxb4 Rxb4 24. Kh2 Rab8 25. Rfg1 R8b7 26. Qf2 Qb8 27. Bc1 Nd7 28. h5 Nf8 29. Kh1 Kh8 30. Qh4 Qd8 31. h6 g5 32. fxg6 hxg6 33. f4 Qe7 34. Qg4 Qd7 35. Qg3 Qe7 36. Rh2 Kh7 37. Qg4 Qd7 38. f5 Qf7 39. Qg3 1-0

[Event "Uljanovsk op"]
[Site "Uljanovsk"]
[Date "2009.08.27"]
[Round "4"]
[White "Konopkin, Alexey"]
[Black "Solomin, Maxim"]
[Result "1-0"]
[WhiteElo "1866"]
[BlackElo "1958"]
[PlyCount "88"]
[EventDate "2009.08.26"]
[EventType "swiss"]
[EventRounds "9"]
[EventCountry "RUS"]
[SourceTitle "CBM 132 Extra"]
[Source "ChessBase"]
[SourceDate "2009.11.03"]
[SourceVersion "1"]
[SourceVersionDate "2009.11.03"]
[SourceQuality "1"]

1. d4 Nf6 2. Nf3 g6 3. c4 Bg7 4. Nc3 0-0 5. e4 d6 6. Be2 e5 7. d5 a5 8. 0-0 Na6 9. Bg5 h6 10. Bh4 g5 11. Bg3 Nc5 12. Nd2 Nh7 13. Bg4 f5 14. exf5 Bxf5 15. Bxf5 Rxf5 16. f3 Rf7 17. Qe2 Nf6 18. Nde4 Ncxe4 19. fxe4 Qe7 20. Rf5 Raf8 21. Raf1 Nd7 22. Rxf7 Rxf7 23. Rxf7 Qxf7 24. Bf2 h5 25. Nb5 Nf6 26. Qf3 Qg6 27. Qf5 Kh7 28. Qxg6+ Kxg6 29. Nc3 b6 30. h4 Bh6 31. Be1 gxh4 32. Bxh4 Be3+ 33. Kf1 Bd4 34. Bxf6 Kxf6 35. Nb5 Bxb2 36. Nxc7 Kg5 37. Nb5 Kf4 38. Nxd6 Ba3 39. Nc8 Kxe4 40. d6 Bxd6 41. Nxd6+ Kd4 42. Nc8 Kxc4 43. Nxb6+ Kb4 44. Ke2 Kc3 1-0

[Event "Samara-ch"]
[Site "Samara"]
[Date "2009.04.24"]
[Round "6"]
[White "Koltunovsky, Evgeny"]
[Black "Solomin, Maxim"]
[Result "0-1"]
[WhiteElo "1760"]
[BlackElo "1762"]
[PlyCount "62"]
[EventDate "2009.04.07"]
[EventType "swiss"]
[EventRounds "9"]
[EventCountry "RUS"]
[SourceTitle "EXT 2012"]
[Source "ChessBase"]
[SourceDate "2011.11.24"]
[SourceVersion "1"]
[SourceVersionDate "2011.11.24"]
[SourceQuality "1"]

1. d4 d5 2. c4 c6 3. Nf3 Nf6 4. Nc3 e6 5. Bg5 dxc4 6. e4 b5 7. a3 Qa5 8. Ne5 Bb7 9. Qf3 Nbd7 10. Bxf6 Nxf6 11. Nxf7 Kxf7 12. e5 Be7 13. exf6 Bxf6 14. Be2 Rad8 15. Rd1 Qb6 16. Ne4 Rxd4 17. 0-0 c5 18. Rxd4 cxd4 19. Nd6+ Qxd6 20. Qxb7+ Qe7 21. Qxb5 d3 22. Bg4 Rc8 23. b3 Rc5 24. Qa6 cxb3 25. Qxd3 b2 26. Qxh7 Qd6 27. Bh5+ Ke7 28. Qg6 Kd8 29. Rd1 Rc1 30. Qe8+ Kc7 31. Qf7+ Kb6 0-1

[Event "Samara op"]
[Site "Samara"]
[Date "2008.12.11"]
[Round "7"]
[White "Afanasiev, Dmitry"]
[Black "Solomin, Maxim"]
[Result "0-1"]
[WhiteElo "1890"]
[BlackElo "1912"]
[PlyCount "88"]
[EventDate "2008.12.05"]
[EventType "swiss"]
[EventRounds "9"]
[EventCountry "RUS"]
[SourceTitle "CBM 127 Extra"]
[Source "ChessBase"]
[SourceDate "2009.01.08"]
[SourceVersion "2"]
[SourceVersionDate "2009.01.28"]
[SourceQuality "1"]

1. d4 Nf6 2. c4 e6 3. Nc3 c5 4. e3 d5 5. Nf3 Be7 6. Bd3 Nbd7 7. 0-0 b6 8. Qe2 Bb7 9. b3 0-0 10. Bb2 Rc8 11. Rac1 Re8 12. Rfd1 Bd6 13. e4 dxe4 14. Nxe4 Nxe4 15. Bxe4 Bxe4 16. Qxe4 Nf6 17. Qe2 Qc7 18. Ne5 cxd4 19. Bxd4 Red8 20. h3 Nd7 21. Nxd7 Rxd7 22. Qg4 Bf8 23. Bb2 Rcd8 24. h4 Rd2 25. Bc3 Rxa2 26. h5 h6 27. Bf6 Rdd2 28. Rxd2 Rxd2 29. Bc3 Rd3 30. g3 a5 31. Qe2 Qd7 32. Qc2 Bc5 33. Re1 Rxg3+ 34. Kh2 Rxc3 35. Qxc3 Bb4 36. Qe3 Bxe1 37. Qxe1 Qd6+ 38. Kg2 f5 39. Qe3 e5 40. Qf3 Qd7 41. Qa8+ Kf7 42. Qb8 Qc6+ 43. Kg1 e4 44. Qe5 Qe6 0-1